| 000 | 00923nam a22002177a 4500 | ||
|---|---|---|---|
| 001 | K121225 | ||
| 008 | 160218b2018 xxu||||| |||| 00| 0 eng d | ||
| 020 | _a9781292208640 | ||
| 041 | _aeng | ||
| 100 | _aSangster, Alan | ||
| 245 | _aFrank Wood's Business Accounting Volume 1 | ||
| 260 |
_aLondon _bPearson Education _c2018 |
||
| 300 |
_a774p _bEBOOK |
||
| 520 | _aVolume 1 of two books looking at the principles of business accounting. Includes introduction to financial accounting, books and transactions including VAT, financial statements, adjustments, checks and errors, partnership and company accounts concluding with a look at management accounting. | ||
| 650 | _aCompany accounts | ||
| 650 | _aProfit and loss | ||
| 651 | _aUnited Kingdom | ||
| 690 |
_96226 _aBusiness and management |
||
| 856 |
_zView on VLEbooks. Logins for members only from [email protected] _uhttps://www.vlebooks.com/ |
||
| 942 | _n0 | ||
| 999 |
_c121225 _d121225 |
||